01082nam a2200265Ia 4500008004100000040001800041041000800059100001700067245004800084260004200132300001800174490008900192504003800281650003300319650003400352650003600386650002600422700002200448700001800470700002000488710004300508740010100551740006700652740009700719130821s1927 ne gr fre  aCo-BoUCMbspa00afre1 aEfremoff, J.13aLa conciliation internationalecJ. Efremoff aLeiden (Holanda)bA.W. Sijthoffc1927 a673 páginas 0aRecueil des Cours.v18.aCollected Courses of the Hague Academy of International Law aIncluye bibliografía e índice04aConciliación internacional04aDerecho internacional privado04aDerecho internacional público04aDerecho internacional12aBoeck, Charles de12aFur, Louis Le12aWambaugh, Sarah2 aAcadémie de Droit International Law.22aL'expulsion et les difficultés internationales qu'en soulève la pratique / Charles de Boeck.32aLa pratique des plébiscites internationaux / Sarah Wambaugh.32aLa théorie du droit naturel depuis le XVII siècle et la doctrine moderne / Louis Le Fur.